000 00475nam a2200193 a 4500
001 1758099019451
003 ACL
005 20250917142338.0
008 250917s2008##################000#0#eng##
020 _a9780007285303
082 0 4 _a791.4572
_bWEB
100 1 _aWebber, Richard,
_eauthor.
245 1 0 _aDad's Army :
260 _bHarperCollins UK,
_c2008.
300 _a17 pages
650 0 _aBiography & Autobiography.
942 _cENGLISH
040 _aACL
_beng
_cACL
999 _c587697
_d587697